000 01014nam a2200253Ia 4500
003 IN-BaIIA
008 211028s9999 xx 000 0 eng d
020 _a3-540-51061-3
040 _cIIA Library
080 _a524.885(082.2)
_bGRA
111 _aConference in Honour of Bernard F. Burke's 60th birthday
_cCambridge
_d1988 June 20
_917702
245 0 _aGravitational lenses
_bproceedings of a conference in honour of Bernard F. Burke's 60th birthday held in Massachusetts, Cambridge, June 20, 1988
_cedited by J. M. Moran, Hewitt J. N and Lu K. Y.
260 _aBerlin
_bSpringer-Verlag
_c1989
300 _axiv, 238p.
490 _aLecture notes in physics; vol. 330
650 _aAstronomy and astrophysics thesaurus
650 _aBlack holes
_97728
650 _aGravitational lenses
_913648
650 _aWhite holes
_910764
700 _aHewitt, J. N., ed.
_917703
700 _aLu, K. Y., ed.
_917704
700 _aMoran, J. M., ed.
_915795
942 _cBK
999 _c10410
_d10410